000 00322nam a22001337a 4500
005 20160317074019.0
008 111123s2012 nyua 001 0 eng
020 _a9780071770644
020 _a0071762752
041 0 _aeng
080 _a004
245 1 0 _aMultimedia demystified /
_cJennifer Coleman Dowling.
942 _2udc
_cBK
999 _c646
_d646